000 00686nam a2200181 i 4500
001 53975
003 ES-MaACL
005 20250907063043.0
007 t|
008 031119s1899 sp ||||1| spa d
100 1 _aFernández Villaverde, Raimundo,
_d1848-1905
_950163
245 1 0 _aProyectos de ley referentes al ramo de aduanas, presentados a las Cortes por el Ministro de Hacienda Sr. Marqués de Pozo Rubio [Raimundo Fernández Villaverde] el día 17 de junio de 1899.
260 _aMadrid :
_b[s.n.],
_c1899 (
_fSucesores de Rivadeneyra)
300 _a55 p. ;
_c27 cm.
852 _aES-MaACL
_jT-1278-F-4
942 _2udc
999 _c53975
_d53975